Guía del Madrid de Juan Ramón Jiménez / (Record no. 174248)

MARC details
000 -LEADER
campo de control de longitud fija 02095nam a2200409 4500
001 - NÚMERO DE CONTROL
campo de control 174248
003 - IDENTIFICADOR DE NÚMERO DE CONTROL
campo de control ES-MaACL
005 - FECHA Y HORA DE LA ÚLTIMA TRANSACCIÓN
campo de control 20250806063138.0
008 - DATOS DE LONGITUD FIJA--INFORMACIÓN GENERAL
campo de control de longitud fija 100315s2007 sp abo |||| |bspa d
017 ## - NÚMERO DE COPYRIGHT O DE DEPÓSITO LEGAL
Número de copyright o de depósito legal M 49240-2006
020 ## - NÚMERO INTERNACIONAL ESTÁNDAR DEL LIBRO
ISBN cancelado o inválido 978-84-451-2917-1
080 ## - NÚMERO DE LA CLASIFICACIÓN DECIMAL UNIVERSAL
Número de la Clasificación Decimal Universal 929 Jiménez, Juan Ramón
080 ## - NÚMERO DE LA CLASIFICACIÓN DECIMAL UNIVERSAL
Número de la Clasificación Decimal Universal 913(460.27 M.)(0:82)
080 ## - NÚMERO DE LA CLASIFICACIÓN DECIMAL UNIVERSAL
Número de la Clasificación Decimal Universal 821.134.2 Jiménez, Juan Ramón 1.07
100 1# - ENTRADA PRINCIPAL--NOMBRE DE PERSONA
Nombre de persona Fernández Berrocal, Rocío,
Fechas asociadas al nombre 1974-
Término indicativo de función/relación Autor
9 (RLIN) 142352
245 10 - MENCIÓN DEL TÍTULO
Título Guía del Madrid de Juan Ramón Jiménez /
Mención de responsabilidad, etc. Rocío Fernández Berrocal
260 ## - PUBLICACIÓN, DISTRIBUCIÓN, ETC.
Lugar de publicación, distribución, etc. Madrid :
Nombre del editor, distribuidor, etc. Consejería de Educación,
Fecha de publicación, distribución, etc. [2007]
300 ## - DESCRIPCIÓN FÍSICA
Extensión 146 páginas :
Otras características físicas ilustraciones (blanco y negro y color), mapas ;
Dimensiones 20 cm
Material acompañante/anejo
490 1# - MENCIÓN DE SERIE
Mención de serie Biblioteca madrileña de bolsillo
Designación de volumen o secuencia 23
RLIN 189358
490 1# - MENCIÓN DE SERIE
Mención de serie Guías culturales
RLIN 241579
500 ## - NOTA GENERAL
Nota general Índices
504 ## - NOTA DE BIBLIOGRAFÍA, ETC.
Nota de bibliografía, etc. Bibliografía: página 135
520 ## - RESUMEN, ETC.
Sumario, etc. Esta guía ilustra todos los ricos registros estéticos, artísticos y humanos de Juan Ramón Jiménez, cronista, paisajista y poeta. Un abundante repertorio de imágenes da cuenta de las sucesivas casas madrileñas del poeta, de los lugares y paisajes que él más amaba, de aquellos personajes a los que él trató en la capital. Este "andaluz universal" encontró en Madrid, entre 1911 y 1936, residencia gozosa y amada y, lo que es más importante, lo reflejó en numerosos textos
530 ## - NOTA DISPONIBLE DE FORMULARIO FÍSICO ADICIONAL
Nota de formato físico adicional disponible Disponible en formato digital
600 14 - PUNTO DE ACCESO ADICIONAL DE MATERIA--NOMBRE DE PERSONA
Nombre de persona Jiménez, Juan Ramón,
Fechas asociadas al nombre 1881-1958-
Subdivisión general Viviendas y lugares frecuentados
9 (RLIN) 142353
650 #7 - PUNTO DE ACCESO ADICIONAL DE MATERIA--TÉRMINO DE MATERIA
Término de materia o nombre geográfico como elemento de entrada Rutas literarias-
Subdivisión geográfica Madrid
9 (RLIN) 138068
651 #7 - PUNTO DE ACCESO ADICIONAL DE MATERIA--NOMBRE GEOGRÁFICO
Nombre geográfico Madrid-
Subdivisión general En la literatura
9 (RLIN) 138069
651 #4 - PUNTO DE ACCESO ADICIONAL DE MATERIA--NOMBRE GEOGRÁFICO
Nombre geográfico Madrid-
Subdivisión general Descripción-
Subdivisión cronológica S.XX
9 (RLIN) 8958
710 1# - ENTRADA AGREGADA--NOMBRE DE ENTIDAD CORPORATIVA
Nombre de entidad corporativa o nombre de jurisdicción como elemento de entrada Madrid (Comunidad Autónoma).
Unidad subordinada Consejería de Educación
Término indicativo de función/relación Editor
9 (RLIN) 5600
830 #0 - PUNTO DE ACCESO ADICIONAL DE SERIE-TÍTULO UNIFORME
Título uniforme Biblioteca madrileña de bolsillo
Designación de volumen o secuencia 23
9 (RLIN) 189358
830 #0 - PUNTO DE ACCESO ADICIONAL DE SERIE-TÍTULO UNIFORME
Título uniforme Guías culturales
9 (RLIN) 241579
852 ## - LOCALIZACIÓN
Ubicación ES-MaACL
Ubicación en estantería Hemeroteca
Número de control de estantería N-3408
856 4# - LOCALIZACIÓN Y ACCESO ELECTRÓNICOS
Identificador Uniforme de Recursos <a href="https://gestiona3.madrid.org/bvirtual/BVCM001717.pdf">https://gestiona3.madrid.org/bvirtual/BVCM001717.pdf</a>
Texto de enlace Versión en línea
Nota pública (PublicaMadrid)
942 ## - ELEMENTOS DE ENTRADA SECUNDARIOS (KOHA)
Fuente del sistema de clasificación o colocación Clasificación decimal universal
Tipo de ítem Koha Libro impreso
Suprimir en OPAC No
Holdings
Estatus retirado Estado de pérdida Fuente del sistema de clasificación o colocación Estado de daño No para préstamo Colección Biblioteca de origen Biblioteca actual Ubicación en estantería Fecha de adquisición Total de préstamos Signatura topográfica completa Código de barras Visto por última vez Tipo de ítem Koha
    Clasificación decimal universal     Colección digital Biblioteca del Ateneo de Madrid Biblioteca del Ateneo de Madrid Hemeroteca 15/03/2010   N-3408 1182901 23/02/2023 Libro impreso